<?xml version="1.0" encoding="UTF-8"?>
<collection xmlns="http://www.loc.gov/MARC21/slim">
 <record>
  <leader>00421pamaa2200145   4500</leader>
  <controlfield tag="001">0000020183</controlfield>
  <controlfield tag="005">20131002090000.0</controlfield>
  <datafield tag="020" ind1="0" ind2="0">
   <subfield code="a">185521069X </subfield>
  </datafield>
  <datafield tag="082" ind1=" " ind2=" ">
   <subfield code="a">325.3144 HIN</subfield>
  </datafield>
  <datafield tag="090" ind1="0" ind2="0">
   <subfield code="a">JV151 </subfield>
   <subfield code="b">HIN 1995</subfield>
  </datafield>
  <datafield tag="100" ind1="1" ind2="0">
   <subfield code="a">HINTJENS </subfield>
  </datafield>
  <datafield tag="245" ind1="1" ind2="0">
   <subfield code="a">Alternatives to independence : </subfield>
   <subfield code="b">explorations in post-colonial relations  </subfield>
   <subfield code="c">Helen M. Hintjens.</subfield>
  </datafield>
  <datafield tag="260" ind1="0" ind2="0">
   <subfield code="a">Aldershot: </subfield>
   <subfield code="b">Dartmouth, </subfield>
   <subfield code="c">1995.</subfield>
  </datafield>
  <datafield tag="300" ind1=" " ind2=" ">
   <subfield code="a">vii, 235p.; </subfield>
   <subfield code="c">22cm.</subfield>
  </datafield>
  <datafield tag="650" ind1="0" ind2="0">
   <subfield code="a">Decolonization </subfield>
  </datafield>
 </record>
</collection>
